1275 1940 1878 1365 1616 1972 1441 1047 1544 1519 1170 1490 1489 1516 1284 1589 1687 1728 1212 1200 1866 1746 1375 1394 1554 1432 1959 1617 1064 1436 1416 1909 1553 1668 1730 1594 1039 1903 1133 1334 1210 1411 1688 1616 1160 1100 1075 1679 1645 1393 1214 1970 1326 1668 1170 1146 1768 1548 1585 1206 1215 1321 1315 1920 1346 1334 1300 1813 1177 1086 1482 1728 1791 1705 1440 1119 1217 1948 1440 1493 1180 1346 1131 1107 1640 1657 1426 1372 1661 1592 1988 1756 1152 1738 1570 1379 1057 1231 1885 BCNSPRNW ULIB Ver.6.0+V

เปลี่ยนเป็นภาษาไทย

Change to English
 แสดงรายละเอียดบรรณานุกรม
  กลับหน้าหลัก

Brief Record : Get Marc (ISO 2709) : E-mail record : QR code < ปิดหน้าต่าง
LEADER : 00000nam 2200000uu 4500
001    13399120709
003     ULIB
008    121005s2548||||th 000 0 tha d
020    ^a9741333498
060 04 ^aWS420^bก768ก
100 0  ^aเกรียงศักดิ์ จีระแพทย์
245 10 ^aการประเมินภาวะสุขภาพทารกแรกเกิด /^cเกรียงศักดิ์ จีระแพทย์,วีณา จีระแพทย์
250    ^aพิมพ์ครั้งที่ 1
260    ^aกรุงเทพฯ :^bภาควิชากุมารเวชศาสตร์คณะแพทยศาสตร์ศิริราชพยาบาล มหาวิทยาลัยมหิดล,^c2548
300    ^a221 หน้า :^bภาพประกอบ ;^c27 ซม.
650  7 ^aทารกแรกเกิด
650  7 ^aสุขภาพ^xการประเมิน
650  7 ^aการตรวจร่างกาย^xในวัยทารกและวัยเด็ก
653    ^aผลงานอาจารย์คณะแพทยศาสตร์ศิริราชพยาบาล
710 2  ^aมหาวิทยาลัยมหิดล. ^bคณะแพทยศาสตร์ศิริราชพยาบาล.^bภาควิชากุมารเวชศาสตร์
945    ^p420^l0^i14521
945    ^p420^l0^i14520
945    ^p420^l0^i15502
995    ^aทศพร
999    ^aทศพร เกษรทอง
รายการนี้ยังไม่มีแท็ก
คุณยังไม่ได้ล็อกอิน คุณสามารถมีกิจกรรมร่วมกับเว็บไซต์ได้ แต่ต้องล็อกอินก่อน ::
  ล็อกอิน

รายการสื่อสารสนเทศ

ลำดับที่ ประเภท เลขเรียก/บาร์โค้ด สถานที่ สถานะ
1. วิทยาศาสตร์การแพทย์ และสุขภาพ
วิทยาศาสตร์การแพทย์ และสุขภาพ
WS420 ก768ก ฉ.1 
  Barcode: 14521
ห้องสมุดวิทยาเขตสวรรค์ประชารักษ์
►หนังสือทั่วไป
บนชั้น
2. วิทยาศาสตร์การแพทย์ และสุขภาพ
วิทยาศาสตร์การแพทย์ และสุขภาพ
WS420 ก768ก ฉ.2 
  Barcode: 14520
ห้องสมุดวิทยาเขตสวรรค์ประชารักษ์
►หนังสือทั่วไป
บนชั้น
3. วิทยาศาสตร์การแพทย์ และสุขภาพ
วิทยาศาสตร์การแพทย์ และสุขภาพ
WS420 ก768ก ฉ.3 
  Barcode: 15502
ห้องสมุดวิทยาเขตสวรรค์ประชารักษ์
►หนังสือทั่วไป
บนชั้น

รายการใกล้เคียง
    ผู้แต่ง [เกรียงศักดิ์ จีระแพทย์]

    หัวเรื่อง [ทารกแรกเกิด]
    หัวเรื่อง [สุขภาพ การประเมิน]

BibComment


ยังไม่เคยถูกคอมเมนท์

คอมเมนท์ทรัพยากรรายการนี้
  คอมเมนท์: การประเมินภาวะสุ..


 Copyright 2026. Bcnsprnw @Library